| 000 | 00695nam a22002057a 4500 | ||
|---|---|---|---|
| 999 |
_c16860 _d16860 |
||
| 008 | 220419b ||||| |||| 00| 0 eng d | ||
| 020 | _a9781260571066 | ||
| 082 |
_22021 _aDC 651.75 _bR298 |
||
| 100 |
_aRentz, Kathryn _945047 |
||
| 245 |
_aBusiness communication: _ba problem- solving approach/ _cKathryn Rentz, Paula Lentz, authors |
||
| 250 | _aSecond edition | ||
| 260 |
_aNew York, NY: _bMc Graw Hill, _c2021. |
||
| 300 |
_aiv, 718 pages: _billustrations; _c27 cm. |
||
| 500 | _aIncludes index. | ||
| 650 |
_aCommercial correspondence _924872 |
||
| 650 |
_aBusiness writing _945048 |
||
| 650 |
_aBusiness communication _945049 |
||
| 700 |
_aLentz, Paula, _eauthor _945050 |
||
| 942 |
_2ddc _cDC |
||